zpět

Detail výsledku týmu

Na Tahu , Olomouc

Datum a čas kvízu

30 Celkem bodů Celkový počet nahraných bodů na tomto kvízu bez doplňovacích otázek.
10. Pořadí na kvízu Konečné umístění týmu na tomto kvízu.

Zaznamenané odpovědi

# Otázka Odpověď Body Výsledky
1. Jak se jmenuje světoznámá česk... Eva Jiřičná 1
2. Americký prezident Joe Biden s... panda 0
3. Který pár zvítězil minulý týde... Trabo, Kristi 1
4. Ruské úřady vyměřily minulý tý... Google 0
5. Pátý, rozhodující zápas finále... Los Angeles Dodgers 0
6. Před časem jsme se vás ptali n... pomeranče 0
7. Ve které zemi má původ takovát... v Mexiku 1
8. Ve vesnici Castrillo de Murcía... C 0
9. Velmi kontroverzní událost kri... o velbloudy 1
10. I řada našich tradic může na c... Jízda králů 1